000 00377 a2200157 4500
001 168091
020 _a
040 _cMagnum
100 _aDarnton
240 1 0 _aO beijo de lamourette: midia, cultura e revolucao
_lpor
245 1 0 _aO beijo de lamourette: midia, cultura e revolucao
362 0 _a1899
440 1 _aCompanhia das Letras
697 _aGERAL
942 _cBK
999 _c168091
_d168091